000 00632nam a2200229Ia 4500
003 OSt
005 20221007064954.0
006 a|||||r|||| 00| 0
007 ta
008 221006b |||||||| |||| 00| 0 eng d
024 _a17,717
037 _cTextual
040 _aFLL
_cFLL
_beng
041 _2eng
_aeng
082 _aY1:451263.2.N7, M0
100 _aVyas N.N. Au.
_9686484
245 0 _aBondage and exploitation in tribal india
260 _aDelhi
_bRawat publications India
_c1980
300 _a154p
_ccm.
942 _hY1:451263.2.N7, M0
_cTEXL
_2CC
999 _c1135917
_d1135917